000 00255nam a2200109Ia 4500
008 190914s9999||||xx |||||||||||||| ||und||
100 _aVinod Kothari
245 0 _aSecuritization
260 _aNew Jersey
_bPrentice Hall
_c2004
300 _a258
942 _cBK
999 _c9422
_d9422